Normal view
MARC view
- Burkhardt, Margaret A.,
Entry Personal Name
001 - CONTROL NUMBER
- control field: 6421
003 - CONTROL NUMBER IDENTIFIER
- control field: URS
005 - DATE AND TIME OF LATEST TRANSACTION
- control field: 20250827101025.0
008 - FIXED-LENGTH DATA ELEMENTS
- fixed length control field: 250827|| aca||aabn | a|a d
040 ## - CATALOGING SOURCE
- Original cataloging agency: URS
100 ## - HEADING--PERSONAL NAME
- Personal name: Burkhardt, Margaret A.,
- Relator term: author.


































